000
00305nam a2200133Ia 4500
005
20251222144747.0
008
251222s9999||||xx |||||||||||||| ||spa||
020
_a
0-673-19591-0
082
_a
425.02/L37W/1
100
_a
Lee, Robert
245
0
_a
On Your Mark:
264
_b
ScottForesman
942
_c
LIB
999
_c
19196
_d
19196